PRACTICAL PHARMACEUTICAL CHEMISTRY - PART TWO (Record no. 268850)

MARC details
000 -LEADER
fixed length control field 00345pam a2200133a 44500
008 - FIXED-LENGTH DATA ELEMENTS--GENERAL INFORMATION
fixed length control field 230405s2007 xxu||||| |||| 00| 0 eng d
041 ## - LANGUAGE CODE
Language code of text/sound track or separate title ENG
100 ## - MAIN ENTRY--PERSONAL NAME
Personal name BECKETT / STENLAKE
245 ## - TITLE STATEMENT
Title PRACTICAL PHARMACEUTICAL CHEMISTRY - PART TWO
250 ## - EDITION STATEMENT
Edition statement 4
260 ## - PUBLICATION, DISTRIBUTION, ETC.
Place of publication, distribution, etc. NEW YORK
Name of publisher, distributor, etc. JOHN WILLY & SONS NEW YORK
Date of publication, distribution, etc. 2007
300 ## - PHYSICAL DESCRIPTION
Extent 326
906 ## - LOCAL DATA ELEMENT F, LDF (RLIN)
a 3411
Holdings
Withdrawn status Lost status Damaged status Not for loan Collection Home library Current library Date acquired Source of acquisition Cost, normal purchase price Total Checkouts Full call number Barcode Date last seen Price effective from Koha item type Date due Date last checked out
          College of Pharmacy, Kolhapur College of Pharmacy, Kolhapur 14/04/2023 SAI BOOK CENTRE 310.00   615 .190 28 PCK-M-898 14/04/2023 14/04/2023 Book    
          College of Pharmacy, Kolhapur College of Pharmacy, Kolhapur 14/04/2023 SAI BOOK CENTRE 310.00 2 615 .190 28 PCK-M-302 19/01/2026 14/04/2023 Book 19/01/2026 19/01/2026
          College of Pharmacy, Kolhapur College of Pharmacy, Kolhapur 14/04/2023 SAI BOOK CENTRE 310.00   615 .190 28 PCK-M-301 14/04/2023 14/04/2023 Book